Diesel Plant Operator`s Handbook / (Record no. 7195)
[ view plain ]
| 000 -LEADER | |
|---|---|
| fixed length control field | 00289cam a2200109ua 4500 |
| 082 ## - DEWEY DECIMAL CLASSIFICATION NUMBER | |
| Classification number | 621.312133 |
| Item number | MCC/DI |
| 100 ## - MAIN ENTRY--AUTHOR NAME | |
| Personal name | McCrone, A.K.L . |
| 245 ## - TITLE STATEMENT | |
| Title | Diesel Plant Operator`s Handbook / |
| 260 ## - PUBLICATION, DISTRIBUTION, ETC. (IMPRINT) | |
| Place of publication | London : |
| Name of publisher | Sir Isaac Pitman & Sons Ltd , |
| Year of publication | 1958. |
| 300 ## - PHYSICAL DESCRIPTION | |
| Number of Pages | 215 ; . |
| 942 ## - ADDED ENTRY ELEMENTS (KOHA) | |
| Koha item type | Reference |
| Withdrawn status | Lost status | Damaged status | Collection code | Home library | Current library | Shelving location | Date acquired | Full call number | Accession Number | Koha item type |
|---|---|---|---|---|---|---|---|---|---|---|
| Reference | KAUAET | KAUAET | Reference | 07/04/2012 | 621.312133.MCC/DI | 3741 | Reference |
